000 00371nam a22001457a 4500
020 _qPB.
040 _cFIZZA ISHAQ
082 _a616.890
_bLEE
100 _aHOFF,ANN LEE.
_9133684
245 _aPEOPLE IN CRISIS 3RD EDITION /
_cLEE ANN HOFF.
250 _a3RD ED.
260 _aNEW YORK ;
_bADDISON-WESLEY,
_c616.890
300 _a464 P. ;
_c9.1X6.1IN
942 _2ddc
_cBK
999 _c616649
_d616649